000 01872nam0a2200361 4500
001 RU\NLR\BIBL_A\011445931
005 20260408160108.0
010 _a978-5-905-450-86-0
_91500
021 _aRU
_b2017-49756
_93570
035 _a(NLR Aleph) 011445931
035 _a(RuMoRGB)008933538
090 _a11727403
_c11727403
100 _a20170728d2016 u y0rusy50 ca
101 0 _arus
102 _aRU
105 _aa|||z 000zy
200 1 _aОпределение безопасных расстояний при производстве взрывных работ
_fВ. Л. Барон, В. А. Белин, М. И. Ганопольский, И. Б. Строгий
_g[под редакцией д.т.н. М.И. Ганопольского
_gСибирская угольная энергетическая компания СУЭК]
210 _aМосква
_cГорное дело
_cКоммерийский центр
_d2016
215 _a175 с.
_cил., табл.
_d24
225 1 _aБиблиотека горного инженера
_fредкол.: В.Б. Артемьев, д.т.н., пред. [и другие]
_vт. 10
_iВзрывное дело
_vкн. 4
320 _aБиблиогр.: с. 173-175 (36 назв.)
606 _aВзрывные работы (горн.)
_xТехника безопасности
_91247563
_3RU\NLR\AUTH\66193252
686 _aИ133н6,0
_2rubbk
686 1 _aИ133н6
701 1 _aБарон
_bВ. А.
_gВладимир Александрович
701 1 _aБелин
_bВ. А.
_gВладимир Арнольдович
701 1 _aГанопольский
_bМ. И.
_gМихаил Исаакович
701 1 _aСтрогий
_bИ. Б.
702 1 _aГанопольский
_bМ. И.
_gМихаил Исаакович
_4340
942 _cBOOK
980 _aNB